| 000 | 00863cam a2200229 4500 | ||
|---|---|---|---|
| 001 | ABS63895 | ||
| 008 | 000000n2001 000 0 eng u | ||
| 035 | _a(Sirsi) u112251 | ||
| 100 | _aOsborn, N. | ||
| 245 | _aLondon scene | ||
| 260 | _c2001 | ||
| 490 |
_aSolicitors' Journal _v145(14) 13 April 2001, 332(1) |
||
| 520 | _aReviews the Greater London Authority Act 1999 and its implications for planning in London. Describes the Spatial Development Strategy and the areas it deals with; for example transport and housing. Includes procedure for dealing with planning applications. | ||
| 590 | _aABS | ||
| 650 | _aPLANNING POWERS | ||
| 650 | _aSPATIAL DEVELOPMENT STRATEGY | ||
| 650 | _aTOWN AND COUNTRY PLANNING ACT 1990 | ||
| 650 | _aPLANNING AND COMPENSATION ACT 1991 | ||
| 650 | _aPPG3 | ||
| 690 |
_aPlanning and development _96259 |
||
| 942 | _n0 | ||
| 999 |
_c66840 _d66840 |
||